University Towns and Local Labor Markets

Vplyv univerzít na lokálny trh práce. Študenti Ekonomickej univerzity v Bratislave a ich práca popri štúdiu. Z realizovaného prieskumu vyplýva, že až 60% študentov EUBA popri štúdiu pracuje, najmä v oblasti finančníctva a poisťovníctva.

Gespeichert in:
Bibliographische Detailangaben
1. Verfasser: Sekelský, Lukáš
Format: Buchkapitel
Sprache:Englisch
Schlagworte:
Tags: Tag hinzufügen
Keine Tags, Fügen Sie das erste Tag hinzu!

MARC

LEADER 00000nla a2200000 4500
001 0200682
005 20240502073407.9
041 0 |a eng 
044 |a SK 
245 1 0 |a University Towns and Local Labor Markets  |c Lukáš Sekelský 
520 |a Vplyv univerzít na lokálny trh práce. Študenti Ekonomickej univerzity v Bratislave a ich práca popri štúdiu. Z realizovaného prieskumu vyplýva, že až 60% študentov EUBA popri štúdiu pracuje, najmä v oblasti finančníctva a poisťovníctva. 
610 2 0 |a trh práce 
610 2 0 |a študenti 
610 2 0 |a univerzity 
610 2 0 |a Slovensko 
100 1 |a Sekelský, Lukáš